Poznámky k historiografii dvoch totalitných režimov na Slovensku

Vplyv dvoch totalitných režimov na vývoj slovenských dejín v 20. storočí. Pri analýze a komparácii fašistického a komunistického režimu sú spoločné body. Existencia nepriamych ideologických tlakov na historiografiu nielen v totalitných režimoch.

Salvato in:
Dettagli Bibliografici
Autore principale: Kamenec, Ivan
Natura: Capitolo di libro
Lingua:slovacco
Soggetti:
Tags: Aggiungi Tag
Nessun Tag, puoi essere il primo ad aggiungerne!!

MARC

LEADER 00000naa$a2200000$$$4500
001 0021366
005 20230529133631.9
041 0 |a slo 
044 |a SK 
245 1 0 |a Poznámky k historiografii dvoch totalitných režimov na Slovensku  |c Ivan Kamenec 
520 |a Vplyv dvoch totalitných režimov na vývoj slovenských dejín v 20. storočí. Pri analýze a komparácii fašistického a komunistického režimu sú spoločné body. Existencia nepriamych ideologických tlakov na historiografiu nielen v totalitných režimoch. 
610 2 0 |a história 
610 2 0 |a Slovensko 
610 2 0 |a totalitarizmus 
610 2 0 |a komunizmus 
610 2 0 |a fašizmus 
610 2 0 |a 1901-2000 
100 1 |a Kamenec, Ivan